Manual de finanzas públicas : la economía jurídicamente regulada del sector público en el mundo globalizado /
Guardado en:
| Autor Principal: | |
|---|---|
| Formato: | Libro |
| Idioma: | Spanish |
| Publicado: |
Buenos Aires :
Depalma,
2000
|
| Materias: | |
| Etiquetas: |
Agregar Etiqueta
Sin Etiquetas, Sea el primero en etiquetar este registro!
|
| LEADER | 00521nam a22001455a 4500 | ||
|---|---|---|---|
| 001 | DER.der001377 | ||
| 008 | 180615s2000####ag#||||||||||||||#||spa|| | ||
| 005 | 20241111103707.0 | ||
| 245 | 1 | 0 | |a Manual de finanzas públicas : |b la economía jurídicamente regulada del sector público en el mundo globalizado / |c Héctor B. Villegas. |
| 260 | |a Buenos Aires : |b Depalma, |c 2000 | ||
| 300 | |a 446 p. | ||
| 020 | |a 9501417816 | ||
| 100 | 1 | |a Villegas, Héctor Belisario | |
| 650 | 7 | |a DERECHO TRIBUTARIO | |
| 859 | |a DERECHO |b BIB. DERECHO |h 344.3 |i VIL |p 003446 | ||
